| 000 | 01407cam a2200325 i 4500 | ||
|---|---|---|---|
| 001 | 17895247 | ||
| 003 | EG-ScBUE | ||
| 005 | 20230426095823.0 | ||
| 008 | 130923s2015 maua f df 001 0 eng d | ||
| 020 | _a9780240825182 (pbk) | ||
| 040 |
_aDLC _beng _erda _cDLC _dDLC _dEG-ScBUE |
||
| 082 | 0 | 4 |
_a778.5345 _222 _bVES |
| 245 | 0 | 4 |
_aThe VES handbook of visual effects : _bindustry standard VFX practices and procedures / _cedited by Jeffrey A. Okun [and three others] |
| 264 | 1 |
_aBurlington ; _aOxon : _bFocal Press / Taylor & Francis Group, _c2015. |
|
| 300 |
_axxxvii, 1099 pages : _billustrations ; _c24 cm |
||
| 336 |
_2rdacontent _atext _btxt |
||
| 337 |
_2rdamedia _aunmediated _bn |
||
| 338 |
_2rdacarrier _avolume _bnc |
||
| 500 | _aIncludes glossary. | ||
| 500 | _aIncludes index. | ||
| 505 | 0 | _aPre-production/preparation -- Acquistion/shooting -- Performance and motion capture -- Stereoscopic 3D -- Post-production/image manipulation -- Digital element creation -- Interactive games -- Complete animation -- Other workflow considerations. | |
| 650 | 7 |
_aCinematography _xSpecial effects _vHandbooks, manuals, etc. _2BUEsh |
|
| 650 | 7 |
_aDigital video _vHandbooks, manuals, etc. _2BUEsh |
|
| 650 | 7 |
_aDigital cinematography _vHandbooks, manuals, etc. _2BUEsh |
|
| 651 | _2BUEsh | ||
| 653 |
_bCOMAME _cMay2016 |
||
| 655 | _vReading book | ||
| 700 | 1 |
_aOkun, Jeffrey A, _eeditor. |
|
| 942 |
_2ddc _cBB |
||
| 999 |
_c21701 _d21673 |
||